Quizzes
Events
Quiz Creation
Community
Videos
Private Events
Remove Ads
Sign In
Join for FREE
Feedback
Dark Mode
Quiz Categories
Sports
Geography
Music
Movies
Television
Just For Fun
Miscellaneous
History
Literature
Language
Science
Gaming
Entertainment
Religion
Holiday
For Kids
Quiz Lab
Recent
Popular Today
Quiz Kudos Today
Editor Picks
Curator Picks
Quizzes by...
Day
Popularity
Type
Ratings
Length
Year
Community
Subscriptions
Recent Discussions
Orange Saloon
Badges
Playlists
Quests
Create
Leaderboards
Showdown
Live 5
Trivia Bingo
Activity
Puzzle Library
Sporcle Events
Private Events
Virtual Trivia
Globe League
Become a Host
Pub Owners
SporcleCon
Opinionation
Our Games
Videos
Blog
Mobile Apps
Partnerships
Remove Ads and Go Orange
Feedback
Music
Pop Music
The Beatles
Song
Album
Lyrics
Bands
Singers
Artist
Clip
Rock
Rap
Classical
Billboard
Country Music
Kpop
Taylor Swift
Music
Pop Music
The Beatles
Song
Album
Lyrics
Bands
Singers
Artist
Clip
Rock
Rap
Classical
Billboard
Country Music
Kpop
Taylor Swift
Random Quiz
Search Sporcle
×
Quiz Lab
Quiz Lab
Music
Verse
Type in answers that appear in a list
Type in answers that appear in a list
Classic
Best Score? Go Orange.
Mind Playing Tricks on Me (First Verse) Stats
Can you name the Mind Playing Tricks on Me (First Verse) ?
By
FredNorman
10m
184 Questions
56 Plays
56 Plays
56 Plays
Comments
Comments
Give Quiz Kudos
Give Quiz Kudos
-
- Ratings
hide this ad
Replay
Link that replays current quiz
Next Quiz
Link to next quiz in quiz playlist
You Got
0%
They Got
Avg Score
50%
Avg Friend Score
Upgrade to see
Score Distribution
Jump to the score distribution portion of the page
Score
0/184
Timer
10:00
0
Plays Today
% Correct
and
94.6%
the
94.6%
a
94.6%
the
94.6%
a
94.6%
and
94.6%
the
94.6%
the
94.6%
the
94.6%
a
94.6%
A
94.6%
and
94.6%
a
94.6%
a
94.6%
a
94.6%
a
94.6%
the
94.6%
the
94.6%
the
94.6%
the
94.6%
the
94.6%
94.6%
I
92.9%
I
92.9%
I
92.9%
I
92.9%
I
92.9%
I
92.9%
I
92.9%
I
92.9%
I
92.9%
I
92.9%
I
92.9%
B'
82.1%
At
75%
at
75%
can
75%
to
75%
at
75%
can't
71.4%
night
71.4%
sleep
69.6%
toss
69.6%
turn
69.6%
in
67.9%
in
67.9%
in
67.9%
Candle
66.1%
bodies
66.1%
of
64.3%
being
64.3%
burned
64.3%
on
62.5%
on
62.5%
on
62.5%
sticks
60.7%
Four
58.9%
my
58.9%
My
58.9%
my
58.9%
my
58.9%
my
58.9%
% Correct
my
58.9%
dark
57.1%
visions
57.1%
walls
55.4%
just
55.4%
staring
55.4%
****
55.4%
****
55.4%
staring
55.4%
I'm
53.6%
I'm
53.6%
I'm
53.6%
I'm
53.6%
I'm
53.6%
trigger
50%
paranoid
48.2%
with
48.2%
finger
48.2%
****
48.2%
is
46.4%
****
46.4%
me
46.4%
me
46.4%
is
46.4%
sleepin'
44.6%
****
44.6%
****
42.9%
mind
42.9%
See
41.1%
see
41.1%
see
41.1%
He
41.1%
stressing
39.3%
But
39.3%
going
39.3%
out
39.3%
out
39.3%
But
39.3%
it
39.3%
But
39.3%
Every
39.3%
out
39.3%
tricks
39.3%
ain't
37.5%
right
37.5%
ain't
37.5%
so
37.5%
playin'
37.5%
always
35.7%
living
33.9%
without
33.9%
fight
33.9%
blood
33.9%
nose
33.9%
It's
33.9%
when
33.9%
When
33.9%
like
33.9%
like
33.9%
when
33.9%
corner
33.9%
It's
33.9%
% Correct
when
33.9%
start
32.1%
comin'
32.1%
back
32.1%
Some
32.1%
for
32.1%
for
32.1%
starts
30.4%
watchin'
30.4%
don't
30.4%
watchin'
30.4%
don't
30.4%
own
30.4%
own
30.4%
trying
30.4%
kill
30.4%
got
30.4%
your
30.4%
ya
30.4%
eyes
28.6%
black
28.6%
black
28.6%
say
28.6%
that
28.6%
there's
28.6%
up
28.6%
close
26.8%
sweatin'
26.8%
him
26.8%
awake
26.8%
cane
26.8%
chill
26.8%
everytime
25%
know
25%
who
25%
covers
25%
twenty
25%
seconds
25%
peepin'
25%
window
25%
somebody
23.2%
'Take
23.2%
wind
23.2%
mama's
21.4%
deep
21.4%
hat
21.4%
suit
21.4%
might
21.4%
blows
19.6%
telephone
19.6%
woman
19.6%
owns
17.9%
Checkin'
17.9%
traps
16.1%
taps
16.1%
poppin'
14.3%
clip
14.3%
Investigatin'
14.3%
joint
14.3%
AK
8.9%
Quiz Playlist
Details
Report
Send in Message
Add To Playlist
Classic:
Type in answers that appear in a list
Last Updated: Feb 16, 2017
Quiz Scoreboard
CHALLENGE
Sign Up to Join the Scoreboard
Show All
Scores
Hide
Comments
May contain spoilers
Recently Published
9x9 Crossword: Cartoon Network
by jackfrog10
Miscellaneous
3m
College Basketball Coaching Resumes
by pancakes188
Sports
9m
Billboard Blitz: Fleetwood Mac
by CooCooCachoo
Music
15s
More to Explore
Quiz From the Vault
Featured Blog Post
Where Did the Easter Bunny Come From?
hide this ad
You Might Also Like...
Tags
Verse Quiz
mind
trick
Today's Top Quizzes in Music
Browse Music
hide this ad
Today's Top Quizzes in Verse
Browse Verse
Top Contributed Quizzes in Music
1
Taylor Swift All Songs (2024)
2
Guess the Artist- 70s Songs
3
7-to-1: Billboard Hot 100 #1 Hits of 2010s
4
Taylor Swift Logic Puzzle
5
Sorting Albums and Songs
6
KPOP LOGIC QUIZ
7
Guess the Taylor Swift song (Mystery Song)
8
Guess The Taylor Swift Lyrics Song #1
9
Billboard Blitz: ABBA
10
Billboard Blitz: The Beatles
Explore More
Trending Topics
Anime
Crossword
NBA
Disney
Marvel
Kpop
Harry Potter
Pokémon
Puzzle
The Office
NFL
Soccer
WWE
Song
Country
hide this ad
More By:
FredNorman
Quiz
Plays
Rating
Category
Featured
Created
'A Horse with No Name' Lyrics
11,927
4.79
Music
Jan 28, 2012
'The Gambler' Lyrics
2,729
4.45
Music
Jan 28, 2012
Lyrics to Nothing Else Matters
1,954
4.83
Music
Jan 28, 2012
Lyrics to Against All Odds
1,331
4.45
Music
Jan 28, 2012
Saving Private Ryan Soldiers
838
5.00
Movies
May 9, 2010
Go to Creator's Profile
Score Distribution
Quiz Creator Spotlight
FredNorman
Follow
Send a Message
Quizzes Created
-
Created Quiz Play Count
-
More By This Creator
Popular Quizzes Today
1
Find the US States - No Outlines Minefield
2
Find the Countries of Europe - No Outlines Minefield
3
The Countries of the World
4
Find the US States
5
Risky Map Clicking: Biggest States A-Z
6
US States
7
Popular People in 1961
8
Movies - When Are They Set?
More Music Quizzes
Jimin Crossword (BTS)
Quiz Lab
Trending Quizzes
Risky Map Clicking: Least Populous States A-Z
1-10 Letter G Words
Risky Map Clicking: Next State Alphabetically
Adjectives in 80s TV Shows
The Seven Year Switch: Catherine
Recently Updated
Leaping Animals
pecheneg
Reality TV Shows (A-Z)
bhenderson79
Rickey Henderson's Hall of Fame Teammates
pecheneg
Champions League XIs: Arsenal
pecheneg
Quick Pick: Celebrities in WWE's Hall of Fame
aduchscher
A-Z Keypad Blitz II
pecheneg
Multiple Oscar Actors
pecheneg
Mystery Phrase Blitz: Oscar 'Best Actors'
pecheneg
F. Scott Fitzgerald Novels
LTH
Pick 3 Villains
ddd62291
Trending Topics
Anime
Disney
Harry Potter
Kpop
Crossword
Marvel
NBA
WWE
The Office
Soccer
Country
Puzzle
Song
NFL
Pokémon
Your Account Isn't Verified!
In order to create a playlist on Sporcle, you need to verify the email address you used during registration. Go to your
Sporcle Settings
to finish the process.
Report this User
Report this user for behavior that violates our
Community Guidelines
.
Details:
Send Report
Go to the Sporcle.com Mobile Site →
Comments